Distributive lattices /

Guardado en:
Autor Principal: Balbes, Raymond.
Otros Autores: Dwinger, Philip.
Formato: Libro
Idioma:English
Publicado: Columbia : University of Missouri Press, c1974.
Materias:
Etiquetas: Agregar Etiqueta
Sin Etiquetas, Sea el primero en etiquetar este registro!
LEADER 00706nam a2200217 a 4500
001 MAT.inmabb004392
008 750401s1974####scua#####b####001#0#eng##
005 20130308115514.0
245 1 0 |a Distributive lattices /  |c Raymond Balbes and Philip Dwinger. 
260 |a Columbia :  |b University of Missouri Press,  |c c1974. 
300 |a xiii, 294 p. :  |b il. ;  |c 27 cm. 
504 |a Incluye referencias bibliográficas (p. 261-283) e índices. 
510 4 |a MR,  |c 51 #10185 
020 |a 0826201636 
100 1 |a Balbes, Raymond. 
700 1 |a Dwinger, Philip. 
650 0 |a Lattices, Distributive. 
084 |a 06Dxx  |2 msc2000 
010 |a  73094309  
040 |a DLC  |c DLC  |d DLC 
859 |h 06  |i B172  |p A-6460  |b BIB. MATEMATICA